000 00682nam a2200241 i 4500
001 C2-0257038
003 PPAK
005 20180727224208.0
008 040810s2002 nyua|||| ||||| | eng d
020 _a0794503802
040 _aPPAK
_beng
_cPPAK
_erda
082 0 4 _a551.46
_223
090 0 0 _a551.46
_bCLA
_dRK
100 1 _aClark, Phillip,
_eauthor
245 1 0 _aSeas and oceans :
_bfacts & lists
264 1 _aNew York :
_bUsborne ,
_c2002
300 _a64 pages :
_bcolour illustrations ;
_c20 cm
336 _2rdacontent
_atext
337 _2rdamedia
_aunmediated
338 _2rdacarrier
_avolume
650 1 0 _aOcean - Miscellanea - Juvenile literature
942 _ddc
_cB
999 _c69032
_d69032